[Event "DEM U14 2016"]
[Site "Willingen GER"]
[Date "2016.05.15"]
[Round "2"]
[White "Righi, Sofian"]
[Black "Pfreundt, Mathis"]
[Result "0-1"]
[Termination "normal"]
[Board "21"]
[WhiteElo "1734"]
[BlackElo "1851"]
[PlyCount "172"]
[WhiteFideId "12987581"]
[BlackFideId "12967092"]
[EventCountry "GER"]
[EventRounds "9"]
[EventType "swiss"]
[EventDate "2016.05.14"]

1. d4 d5 2. c4 e6 3. Nc3 Nf6 4. Nf3 c5 5. dxc5 Bxc5 6. Bf4 O-O 7. e3 a6 8. Be2
dxc4 9. Bxc4 b5 10. Bb3 Nc6 11. O-O Bb7 12. Qe2 Qb6 13. Rfd1 Rfd8 14. Bg5 Be7
15. Rac1 Na5 16. Bc2 h6 17. Bf4 Rac8 18. Rd3 Rxd3 19. Bxd3 b4 20. e4 bxc3 21.
bxc3 Bc5 22. e5 Nd5 23. Bd2 Ne7 24. g4 Qc6 25. Kg2 Qxf3+ 26. Qxf3 Bxf3+ 27.
Kxf3 Rd8 28. Ke2 Bxf2 29. Bxa6 Bh4 30. Be3 Nd5 31. Bc5 Rb8 32. Ba3 Rb6 33. Bc8
Rc6 34. Bd7 Rxc3 35. Rxc3 Nxc3+ 36. Kd3 Nd5 37. Kd4 Bf2+ 38. Kd3 Kh7 39. Bc1
Kg6 40. Bd2 Bb6 41. Be8 Nc7 42. Ba4 Na6 43. Bc2 Kh7 44. h4 Kg8 45. Kc3 Kf8 46.
g5 hxg5 47. Bxg5 Bc7 48. Kd4 Nc6+ 49. Kc4 Bxe5 50. Be4 Nab8 51. Kc5 Ne7 52. a4
f5 53. Bf3 Bc7 54. Bd2 e5 55. Bb7 Kf7 56. a5 f4 57. a6 Nxa6+ 58. Bxa6 Kf6 59.
Bd3 Nf5 60. Be1 Ne3 61. Bf2 Ng4 62. Be1 Ke6 63. Ba6 Ne3 64. Bd3 Ng2 65. Bf2 Bd8
66. h5 Bh4 67. Bg1 f3 68. Bf1 f2 69. Bxf2 Bxf2+ 70. Kb4 Nf4 71. Bc4+ Kf5 72.
Kc3 Nxh5 73. Kd2 Nf4 74. Ba6 g5 75. Bc8+ Ne6 76. Ba6 g4 77. Ke2 Ba7 78. Kf1 Kf4
79. Kg2 e4 80. Bb5 e3 81. Kf1 Nd4 82. Kg2 Nxb5 83. Kf1 Kf3 84. Ke1 g3 85. Kf1
g2+ 86. Kg1 e2+ 0-1

[Event "DEM U14 2016"]
[Site "Willingen GER"]
[Date "2016.05.15"]
[Round "2"]
[White "Roho, Kevin"]
[Black "Rauch, Arwid"]
[Result "1-0"]
[Termination "normal"]
[Board "22"]
[WhiteElo "1859"]
[BlackElo "1560"]
[PlyCount "37"]
[WhiteFideId "12973734"]
[BlackFideId "16215923"]
[EventCountry "GER"]
[EventRounds "9"]
[EventType "swiss"]
[EventDate "2016.05.14"]

1. e4 e5 2. d4 exd4 3. Bc4 Nf6 4. Nf3 Nxe4 5. Qxd4 Nf6 6. Bg5 Nc6 7. Qh4 Be7 8.
Nc3 h6 9. O-O-O d6 10. h3 Bf5 11. Rhe1 O-O 12. Bxh6 gxh6 13. Qxh6 Nh7 14. h4
Bf6 15. g4 Bg7 16. Qh5 Bd7 17. g5 Ne7 18. g6 d5 19. Qxh7# 1-0

[Event "DEM U14 2016"]
[Site "Willingen GER"]
[Date "2016.05.15"]
[Round "2"]
[White "Bajorski, Marius"]
[Black "Gutschenreiter, Donato"]
[Result "1-0"]
[Termination "normal"]
[Board "23"]
[WhiteElo "1793"]
[BlackElo "1870"]
[PlyCount "101"]
[WhiteFideId "12938831"]
[BlackFideId "12975540"]
[EventCountry "GER"]
[EventRounds "9"]
[EventType "swiss"]
[EventDate "2016.05.14"]

1. e4 e6 2. d4 d5 3. Nd2 Nf6 4. e5 Nfd7 5. Bd3 c5 6. c3 Nc6 7. Ne2 Qb6 8. Nf3
cxd4 9. cxd4 Bb4+ 10. Bd2 O-O 11. O-O f6 12. exf6 Nxf6 13. Re1 Bd6 14. Bf4 Bxf4
15. Nxf4 Re8 16. b3 Bd7 17. Rc1 Re7 18. a4 Rae8 19. Bb5 a6 20. Bxc6 Bxc6 21.
Ne5 Ne4 22. a5 Qxa5 23. Nxc6 bxc6 24. Rxc6 Rf7 25. Nd3 Qb5 26. Qc2 Rf6 27. Rc8
Nd6 28. Rxe8+ Qxe8 29. Nc5 Nf5 30. Qd3 Qf7 31. Nxa6 Rg6 32. Rc1 Qf8 33. Nc5 Nh4
34. g3 Nf3+ 35. Kg2 Rh6 36. Nxe6 Rxh2+ 37. Kf1 Ne5 38. Qe2 Rxf2+ 39. Qxf2 Qxf2+
40. Kxf2 Nd3+ 41. Ke3 Nxc1 42. b4 Na2 43. b5 Nb4 44. Kd2 Kf7 45. Nc5 Ke7 46.
Kc3 Na2+ 47. Kb2 Nb4 48. Kb3 Nc6 49. bxc6 Kd6 50. c7 Kxc7 51. Ne6+ 1-0

[Event "DEM U14 2016"]
[Site "Willingen GER"]
[Date "2016.05.17"]
[Round "5"]
[White "Roseneck, Jonas"]
[Black "Engel, Luis"]
[Result "1/2-1/2"]
[Termination "normal"]
[Board "1"]
[WhiteElo "2011"]
[BlackElo "2223"]
[WhiteClock "00:01:44"]
[BlackClock "00:10:57"]
[PlyCount "73"]
[WhiteFideId "12939870"]
[BlackFideId "12961523"]
[EventCountry "GER"]
[EventRounds "9"]
[EventType "swiss"]
[EventDate "2016.05.14"]

1. e4 g6 2. d4 Bg7 3. Nc3 d6 4. Be3 a6 5. Qd2 b5 6. Bd3 Bb7 7. a4 b4 8. Nce2 a5
9. Nf3 Nd7 10. Ng3 e6 11. O-O Ne7 12. Bh6 O-O 13. c3 bxc3 14. bxc3 c5 15. Qf4
d5 16. e5 cxd4 17. cxd4 Ba6 18. Bxa6 Rxa6 19. Bg5 Re8 20. Rfc1 Nb6 21. Qd2 Qd7
22. Rc5 Nc6 23. Qe2 Rea8 24. Qb5 Nc4 25. Qb1 Bf8 26. Rb5 Bb4 27. Bf6 Na7 28.
Rxb4 axb4 29. Qc1 Qc8 30. Nh5 Nd6 31. Qg5 Nf5 32. g4 Qc3 33. gxf5 Qxf3 34. Qh6
Qg4+ 35. Kh1 Qf3+ 36. Kg1 Qg4+ 37. Kh1 1/2-1/2

[Event "DEM U14 2016"]
[Site "Willingen GER"]
[Date "2016.05.17"]
[Round "5"]
[White "Zimmer, Raphael"]
[Black "Färber, David"]
[Result "1-0"]
[Termination "normal"]
[Board "2"]
[WhiteElo "2091"]
[BlackElo "2117"]
[WhiteClock "00:24:28"]
[BlackClock "00:22:57"]
[PlyCount "63"]
[WhiteFideId "12978841"]
[BlackFideId "12971294"]
[EventCountry "GER"]
[EventRounds "9"]
[EventType "swiss"]
[EventDate "2016.05.14"]

1. e4 c5 2. Nf3 Nc6 3. d4 cxd4 4. Nxd4 e5 5. Nb5 d6 6. c4 Be7 7. Be2 f5 8. N1c3
a6 9. Na3 Nf6 10. exf5 Bxf5 11. Be3 O-O 12. O-O Qd7 13. Nd5 Bd8 14. Nc2 Nxd5
15. Qxd5+ Kh8 16. Bd3 Be6 17. Qe4 g6 18. Bd2 Bf6 19. Ne3 Bf5 20. Nxf5 gxf5 21.
Qxf5 Qg7 22. Qh3 Rg8 23. Be4 Ne7 24. Rad1 Rac8 25. b3 b5 26. Be3 Rgd8 27. Bb6
Rf8 28. Rxd6 bxc4 29. Be3 cxb3 30. Bh6 Qf7 31. Bxf8 Rxf8 32. Rxf6 1-0

[Event "DEM U14 2016"]
[Site "Willingen GER"]
[Date "2016.05.17"]
[Round "5"]
[White "Mantel, Ruben"]
[Black "Pajeken, Jakob Leon"]
[Result "0-1"]
[Termination "normal"]
[Board "3"]
[WhiteElo "1925"]
[BlackElo "2066"]
[WhiteClock "00:23:34"]
[BlackClock "01:14:02"]
[PlyCount "104"]
[WhiteFideId "12930121"]
[BlackFideId "12942839"]
[EventCountry "GER"]
[EventRounds "9"]
[EventType "swiss"]
[EventDate "2016.05.14"]

1. e4 e5 2. Bc4 Nc6 3. Nc3 Nf6 4. d3 Bb4 5. Bg5 h6 6. Bh4 Na5 7. Bb3 Nxb3 8.
axb3 d5 9. exd5 Qxd5 10. f3 Qc6 11. Nge2 Bf5 12. O-O O-O-O 13. Bf2 Bc5 14. Qe1
Rhe8 15. b4 Bxf2+ 16. Qxf2 a6 17. b5 axb5 18. Ng3 Bg6 19. Nge4 Bxe4 20. dxe4
Rd4 21. Qg3 b4 22. Ra8+ Kd7 23. Rxe8 Nxe8 24. Qxe5 Qd6 25. Qf5+ Qe6 26. Qxe6+
Kxe6 27. Nd5 Rd2 28. Ne3 Re2 29. Nf5 c5 30. Rc1 Ke5 31. Ne3 Nd6 32. Nd5 f5 33.
Kf1 Rd2 34. Ne3 fxe4 35. Ke1 Rd4 36. c3 bxc3 37. Rxc3 Rd3 38. Ng4+ Kd4 39. Rc2
exf3 40. gxf3 Rxf3 41. Ke2 Rd3 42. Rxc5 Rd2+ 43. Kxd2 Ne4+ 44. Ke2 Nxc5 45. Ne3
g6 46. Ng4 h5 47. Nf6 Ke5 48. Ne8 Na4 49. b4 Nb6 50. Kf3 Nd5 51. b5 Ke6 52. h4
Ke5 0-1

[Event "DEM U14 2016"]
[Site "Willingen GER"]
[Date "2016.05.17"]
[Round "5"]
[White "Stork, Oliver"]
[Black "Suvorov, Alexander"]
[Result "1/2-1/2"]
[Termination "normal"]
[Board "4"]
[WhiteElo "1952"]
[BlackElo "2086"]
[WhiteClock "00:10:10"]
[BlackClock "00:01:13"]
[PlyCount "98"]
[WhiteFideId "12955728"]
[BlackFideId "12977063"]
[EventCountry "GER"]
[EventRounds "9"]
[EventType "swiss"]
[EventDate "2016.05.14"]

1. c4 c5 2. g3 g6 3. Bg2 Bg7 4. Nc3 Nc6 5. d3 Nf6 6. e4 O-O 7. Nge2 Ne8 8. Be3
Nd4 9. O-O d6 10. f4 Nc7 11. Rb1 a5 12. b3 Rb8 13. Qd2 b5 14. Bf2 b4 15. Nd5
Nce6 16. Rfe1 Nxe2+ 17. Qxe2 Nd4 18. Qd2 Bh3 19. Ne3 a4 20. Nc2 Nxc2 21. Qxc2
Bxg2 22. Kxg2 Bc3 23. Red1 Qb6 24. a3 axb3 25. Rxb3 Qc6 26. axb4 cxb4 27. Be1
Bxe1 28. Rxe1 Rb7 29. Reb1 Rfb8 30. Qf2 f6 31. Qd4 Qc5 32. Qd5+ Kg7 33. Kf3 Rc7
34. Ra1 Qb6 35. Qa5 Qd4 36. Qxc7 Qxa1 37. Qxe7+ Kh6 38. Qxd6 Qd1+ 39. Kg2 Qe2+
40. Kh3 Qh5+ 41. Kg2 Qe2+ 42. Kh3 Qf1+ 43. Kg4 Qe2+ 44. Kh3 Qf1+ 45. Kg4 f5+
46. exf5 Qe2+ 47. Kh3 Qh5+ 48. Kg2 Qe2+ 49. Kh3 Qh5+ 1/2-1/2

[Event "DEM U14 2016"]
[Site "Willingen GER"]
[Date "2016.05.17"]
[Round "5"]
[White "Baltic, Fatih"]
[Black "Wong, Gengchun"]
[Result "1/2-1/2"]
[Termination "normal"]
[Board "5"]
[WhiteElo "2163"]
[BlackElo "2077"]
[WhiteClock "00:24:53"]
[BlackClock "00:14:52"]
[PlyCount "57"]
[WhiteFideId "12979090"]
[BlackFideId "12963283"]
[EventCountry "GER"]
[EventRounds "9"]
[EventType "swiss"]
[EventDate "2016.05.14"]

1. e4 c5 2. Nf3 d6 3. d4 cxd4 4. Nxd4 Nf6 5. Nc3 a6 6. Bg5 Nbd7 7. Qe2 Qc7 8.
O-O-O e6 9. g4 h6 10. Bxf6 Nxf6 11. Bg2 Be7 12. h4 Nd7 13. f4 Nf8 14. Nf5 g6
15. Nxe7 Kxe7 16. e5 dxe5 17. Qe4 Nd7 18. Qb4+ Kf6 19. fxe5+ Qxe5 20. Rhf1+ Kg7
21. Qe7 Rf8 22. Bxb7 Qe3+ 23. Kb1 Rb8 24. Rd3 Qc5 25. Rxd7 Qxe7 26. Rxe7 Rxb7
27. Rxb7 Bxb7 28. Ne2 Rd8 29. Kc1 1/2-1/2

[Event "DEM U14 2016"]
[Site "Willingen GER"]
[Date "2016.05.17"]
[Round "5"]
[White "Holinka, Henning"]
[Black "Biastoch, Bennet"]
[Result "1-0"]
[Termination "normal"]
[Board "6"]
[WhiteElo "2011"]
[BlackElo "2105"]
[WhiteClock "00:01:20"]
[BlackClock "00:03:38"]
[PlyCount "71"]
[WhiteFideId "12967084"]
[BlackFideId "12939889"]
[EventCountry "GER"]
[EventRounds "9"]
[EventType "swiss"]
[EventDate "2016.05.14"]

1. d4 Nf6 2. Nc3 d5 3. Bf4 Bg4 4. f3 Bf5 5. g4 Bg6 6. Qd2 e6 7. h4 h5 8. g5
Nfd7 9. e4 dxe4 10. fxe4 Bb4 11. Bd3 e5 12. dxe5 Nc5 13. O-O-O O-O 14. Nf3 Na4
15. Kb1 c6 16. Bc4 Qa5 17. Bb3 Bxc3 18. bxc3 Qxc3 19. Bxa4 Qxf3 20. Bb3 Kh7 21.
Rde1 Na6 22. Rhf1 Qg4 23. Qf2 Qc8 24. Bc1 b5 25. Re3 c5 26. Bd5 Rb8 27. Rf3 Nb4
28. Bxf7 Rxf7 29. Rxf7 Qe6 30. Rxa7 Rb7 31. Qxc5 Bxe4 32. Qxb4 Rxa7 33. Qxe4+
g6 34. a3 b4 35. Rf6 Qg8 36. Qxb4 1-0

[Event "DEM U14 2016"]
[Site "Willingen GER"]
[Date "2016.05.17"]
[Round "5"]
[White "Preißler, Niklas"]
[Black "Mätzkow, Maximilian Paul"]
[Result "1/2-1/2"]
[Termination "normal"]
[Board "7"]
[WhiteElo "1909"]
[BlackElo "2161"]
[WhiteClock "00:18:00"]
[BlackClock "00:23:05"]
[PlyCount "92"]
[WhiteFideId "12927554"]
[BlackFideId "24679933"]
[EventCountry "GER"]
[EventRounds "9"]
[EventType "swiss"]
[EventDate "2016.05.14"]

1. d4 Nf6 2. Nf3 g6 3. c4 c5 4. d5 b5 5. cxb5 a6 6. bxa6 Bxa6 7. Nc3 d6 8. g3
Bg7 9. Bg2 O-O 10. Rb1 Nbd7 11. O-O Qa5 12. Bd2 Rfb8 13. Qc2 Ng4 14. h3 Nge5
15. Nxe5 Nxe5 16. b3 c4 17. b4 Rxb4 18. Nd1 Qa4 19. Ne3 Qxc2 20. Nxc2 Rxb1 21.
Rxb1 Nd7 22. Be3 c3 23. Kf1 Ne5 24. Ke1 Nc4 25. Bc1 Nb2 26. Be3 Bc4 27. a3 Bb3
28. Rc1 Bxc2 29. Rxc2 Rxa3 30. Rc1 Nc4 31. Bf4 Ra2 32. Be4 f5 33. Bd3 Nb6 34.
e4 fxe4 35. Bxe4 Bd4 36. Rc2 Rxc2 37. Bxc2 Nxd5 38. Bb3 e6 39. Bxd6 Kf7 40. Ke2
Nf6 41. f3 Nd7 42. f4 Bc5 43. Bc7 Ke7 44. Ba5 Bd4 45. Bc2 Kf7 46. g4 Bg7
1/2-1/2

[Event "DEM U14 2016"]
[Site "Willingen GER"]
[Date "2016.05.17"]
[Round "5"]
[White "Schmider, Niklas"]
[Black "Suvorov, Luca"]
[Result "1-0"]
[Termination "normal"]
[Board "8"]
[WhiteElo "2023"]
[BlackElo "1995"]
[WhiteClock "00:33:38"]
[BlackClock "00:23:51"]
[PlyCount "89"]
[WhiteFideId "12993778"]
[BlackFideId "12977071"]
[EventCountry "GER"]
[EventRounds "9"]
[EventType "swiss"]
[EventDate "2016.05.14"]

1. c4 Nf6 2. g3 g6 3. Bg2 Bg7 4. Nc3 O-O 5. d3 c5 6. Nf3 Nc6 7. O-O d6 8. a3
Qd7 9. Rb1 b6 10. b4 Bb7 11. Bd2 Rad8 12. Re1 e6 13. Qc1 Nd4 14. e4 Ng4 15.
Nxd4 Bxd4 16. Nd1 Ne5 17. Qc2 Nc6 18. Nc3 Bg7 19. Ne2 Rc8 20. Bc3 e5 21. Rf1
cxb4 22. axb4 b5 23. Rfd1 Rc7 24. Qa2 Qe6 25. Qd2 bxc4 26. dxc4 Qxc4 27. Qxd6
Nb8 28. Qd3 Qxd3 29. Rxd3 Bc6 30. b5 Bd7 31. Ba5 Rb7 32. Nc3 Rc8 33. Bf1 Bf8
34. Rd2 Bc5 35. Nd5 Kg7 36. Rc2 Bd4 37. Rxc8 Bxc8 38. Rc1 Bd7 39. Rc7 Rxc7 40.
Bxc7 a6 41. b6 Nc6 42. Bxa6 f6 43. b7 Ba7 44. Bb5 Bb8 45. Bxc6 1-0

[Event "DEM U14 2016"]
[Site "Willingen GER"]
[Date "2016.05.17"]
[Round "5"]
[White "Hoffmann, Lennard"]
[Black "Tong, Kevin"]
[Result "1-0"]
[Termination "normal"]
[Board "9"]
[WhiteElo "1867"]
[BlackElo "2037"]
[WhiteClock "00:17:24"]
[BlackClock "00:04:11"]
[PlyCount "75"]
[WhiteFideId "12943495"]
[BlackFideId "12913944"]
[EventCountry "GER"]
[EventRounds "9"]
[EventType "swiss"]
[EventDate "2016.05.14"]

1. e4 e5 2. Nf3 Nc6 3. Bb5 a6 4. Ba4 Nf6 5. Qe2 b5 6. Bb3 Bc5 7. c3 O-O 8. O-O
d6 9. d3 h6 10. h3 Re8 11. Rd1 Bb6 12. a4 Be6 13. Bc2 d5 14. Nbd2 Rb8 15. Nf1
Qe7 16. Ng3 dxe4 17. dxe4 b4 18. Nh4 bxc3 19. Ngf5 Qb4 20. bxc3 Qc4 21. Qf3
Bxf5 22. Nxf5 h5 23. Bg5 Nh7 24. Qxh5 g6 25. Qh6 gxf5 26. exf5 f6 27. Qg6+ Kh8
28. Bxf6+ Nxf6 29. Qxf6+ Kg8 30. Rd3 Qf4 31. Bb3+ Kh7 32. Rd7+ Ne7 33. Rxe7+
Rxe7 34. Qxe7+ Kh8 35. Qf6+ Kh7 36. Qg6+ Kh8 37. f6 Bxf2+ 38. Kh1 1-0

[Event "DEM U14 2016"]
[Site "Willingen GER"]
[Date "2016.05.17"]
[Round "5"]
[White "Rockmann, Jan-Okke"]
[Black "Kopylov, Daniel"]
[Result "0-1"]
[Termination "normal"]
[Board "10"]
[WhiteElo "1885"]
[BlackElo "2098"]
[WhiteClock "01:36:12"]
[BlackClock "00:29:53"]
[PlyCount "104"]
[WhiteFideId "12942111"]
[BlackFideId "12921971"]
[EventCountry "GER"]
[EventRounds "9"]
[EventType "swiss"]
[EventDate "2016.05.14"]

1. e4 c5 2. Nf3 d6 3. d4 cxd4 4. Nxd4 Nf6 5. Nc3 Nc6 6. g3 e5 7. Nde2 Be7 8.
Bg2 O-O 9. O-O Be6 10. h3 Qd7 11. Kh2 Rfd8 12. f4 Bc4 13. b3 Bxe2 14. Qxe2 Nd4
15. Qd3 Rac8 16. Bb2 b5 17. Rf2 Rc7 18. Nd1 Rdc8 19. Ne3 Nh5 20. Nd5 Rc5 21.
Bxd4 exd4 22. Bf3 Nf6 23. Nxf6+ Bxf6 24. Bg4 Qc7 25. Bxc8 Qxc8 26. Re1 h5 27.
Rfe2 Qc7 28. h4 a6 29. Rd2 Qc8 30. e5 dxe5 31. fxe5 Bxe5 32. Rxe5 Rxe5 33. Qxd4
Qe6 34. Rf2 g6 35. c4 bxc4 36. Qxc4 Re4 37. Qxe6 Rxe6 38. Kg2 Re3 39. Rc2 Kg7
40. Kf2 Rd3 41. b4 Ra3 42. Kg2 Kh6 43. Rf2 Kg7 44. Kh2 f6 45. Rc2 Kf7 46. Rc7+
Ke6 47. Rc6+ Kf5 48. Rc5+ Ke4 49. Ra5 Rxa5 50. bxa5 Kf3 51. Kh3 g5 52. hxg5
fxg5 0-1

[Event "DEM U14 2016"]
[Site "Willingen GER"]
[Date "2016.05.17"]
[Round "5"]
[White "Righi, Sofian"]
[Black "Wierzbicki, Jirawat"]
[Result "0-1"]
[Termination "normal"]
[Board "11"]
[WhiteElo "1734"]
[BlackElo "2071"]
[WhiteClock "00:33:37"]
[BlackClock "00:14:15"]
[PlyCount "64"]
[WhiteFideId "12987581"]
[BlackFideId "1153579"]
[EventCountry "GER"]
[EventRounds "9"]
[EventType "swiss"]
[EventDate "2016.05.14"]

1. d4 d5 2. c4 dxc4 3. Nf3 Nf6 4. e3 Bg4 5. Bxc4 e6 6. Nc3 Nc6 7. h3 Bh5 8. Bb5
Bd6 9. e4 Nd7 10. Be3 Qe7 11. g4 Bg6 12. a3 f6 13. Nd2 e5 14. Nd5 Qd8 15. dxe5
fxe5 16. Bc4 Bc5 17. h4 Bxe3 18. Nxe3 Nc5 19. f3 Qd4 20. Qe2 Qxb2 21. Kf2 O-O-O
22. Rhd1 Nd4 23. Qe1 Ndb3 24. Nef1 Nxa1 25. Rxa1 Nd3+ 26. Bxd3 Rxd3 27. Kg3 Qd4
28. Kg2 Rd8 29. Ra2 Bf7 30. Rc2 Rc3 31. Rxc3 Qxc3 32. a4 Bc4 0-1

[Event "DEM U14 2016"]
[Site "Willingen GER"]
[Date "2016.05.17"]
[Round "5"]
[White "Oganessjan, Artur"]
[Black "Meric, Geoffrey"]
[Result "1-0"]
[Termination "normal"]
[Board "12"]
[WhiteElo "1990"]
[BlackElo "1873"]
[WhiteClock "00:37:54"]
[BlackClock "00:01:41"]
[PlyCount "137"]
[WhiteFideId "12986062"]
[BlackFideId "26092891"]
[EventCountry "GER"]
[EventRounds "9"]
[EventType "swiss"]
[EventDate "2016.05.14"]

1. d4 d5 2. c4 c6 3. Nc3 Nf6 4. Nf3 dxc4 5. a4 Bf5 6. e3 e6 7. Bxc4 Bb4 8. O-O
O-O 9. h3 Nbd7 10. Qe2 Qe7 11. e4 Bg6 12. Bg5 h6 13. Bh4 e5 14. d5 Qd6 15. dxc6
Qxc6 16. Bb5 Qe6 17. Nd2 Nc5 18. Bxf6 Qxf6 19. Nd5 Qd6 20. Nxb4 Ne6 21. Nd5 Nd4
22. Qd3 f5 23. f3 a6 24. Bc4 Kh8 25. Nb3 b5 26. axb5 axb5 27. Rxa8 Rxa8 28.
Bxb5 fxe4 29. fxe4 Qxd5 30. exd5 Bxd3 31. Bxd3 Nxb3 32. Rd1 Nd4 33. Re1 Re8 34.
d6 g5 35. Rf1 Kg7 36. Bc4 Rd8 37. Rf7+ Kg6 38. d7 Nc6 39. Be6 Nd4 40. Bd5 Nb5
41. g4 Nc7 42. Bc4 Na6 43. Re7 Nc7 44. b4 Kf6 45. Rh7 Kg6 46. Bd3+ Kf6 47.
Rxh6+ Kg7 48. Rd6 Kf7 49. Bf5 Nb5 50. Rc6 Nd4 51. Rc8 Ke7 52. Rxd8 Kxd8 53. Kf2
Ke7 54. Ke3 Nc6 55. b5 Nd8 56. Ke4 Kd6 57. b6 Nb7 58. Kd3 Nd8 59. Kc4 Ke7 60.
Kd5 Nb7 61. Kxe5 Nd8 62. Kd5 Nb7 63. Kc6 Nd8+ 64. Kc7 Ne6+ 65. Bxe6 Kxe6 66.
d8=Q Ke5 67. b7 Kf4 68. b8=Q Kg3 69. Qd3+ 1-0

[Event "DEM U14 2016"]
[Site "Willingen GER"]
[Date "2016.05.17"]
[Round "5"]
[White "von Estorff, Jacob"]
[Black "Pfreundt, Mathis"]
[Result "1/2-1/2"]
[Termination "normal"]
[Board "13"]
[WhiteElo "1876"]
[BlackElo "1851"]
[WhiteClock "00:23:55"]
[BlackClock "00:23:51"]
[PlyCount "101"]
[WhiteFideId "12974501"]
[BlackFideId "12967092"]
[EventCountry "GER"]
[EventRounds "9"]
[EventType "swiss"]
[EventDate "2016.05.14"]

1. e4 e5 2. Nf3 Nc6 3. d4 exd4 4. Nxd4 Bb4+ 5. c3 Bc5 6. Be3 Bb6 7. Bc4 Nge7 8.
O-O O-O 9. Nd2 Na5 10. Bd3 d6 11. f4 f5 12. exf5 Nxf5 13. Bxf5 Bxf5 14. Nxf5
Rxf5 15. Bxb6 axb6 16. Nb3 Nc6 17. g3 Qf8 18. Qd3 Rf7 19. Qd5 Kh8 20. Nd4 Ra5
21. Qc4 Nxd4 22. cxd4 d5 23. Qb3 Re7 24. Rfe1 c6 25. Re5 Rxe5 26. fxe5 Rb5 27.
Rf1 Qxf1+ 28. Kxf1 Rxb3 29. axb3 c5 30. Ke2 Kg8 31. b4 Kf7 32. bxc5 bxc5 33.
dxc5 Ke6 34. b4 Kxe5 35. b5 d4 36. Kd3 Kd5 37. c6 bxc6 38. b6 Kd6 39. Kxd4 c5+
40. Kc4 Kc6 41. b7 Kxb7 42. Kxc5 Kc7 43. Kd5 Kd7 44. Ke5 Ke7 45. g4 Kf7 46. Kf5
Ke7 47. g5 Kf7 48. h3 Ke7 49. h4 Kf7 50. h5 h6 51. g6+ 1/2-1/2

[Event "DEM U14 2016"]
[Site "Willingen GER"]
[Date "2016.05.17"]
[Round "5"]
[White "Lange, Jannis"]
[Black "Roho, Kevin"]
[Result "0-1"]
[Termination "normal"]
[Board "14"]
[WhiteElo "1768"]
[BlackElo "1859"]
[WhiteClock "00:10:51"]
[BlackClock "00:17:17"]
[PlyCount "76"]
[WhiteFideId "12993107"]
[BlackFideId "12973734"]
[EventCountry "GER"]
[EventRounds "9"]
[EventType "swiss"]
[EventDate "2016.05.14"]

1. e4 d5 2. exd5 Nf6 3. d4 Nxd5 4. c4 Nb6 5. Nf3 g6 6. h3 Bg7 7. Nc3 O-O 8. Be3
Nc6 9. Qd2 e5 10. d5 Ne7 11. O-O-O f5 12. g4 e4 13. Nd4 c6 14. gxf5 Bxf5 15.
Nxf5 gxf5 16. d6 Ng6 17. c5 Nd7 18. Bc4+ Kh8 19. f4 b5 20. Bb3 a5 21. a4 bxa4
22. Bxa4 Qc8 23. h4 Rd8 24. h5 Ngf8 25. Rdg1 Ne6 26. Bb3 Ndxc5 27. Ba2 Nd3+ 28.
Kb1 Rb8 29. Rxg7 Nxg7 30. Na4 h6 31. Bd4 Rb7 32. Qc3 c5 33. Bf6 Rxd6 34. Rg1
Qf8 35. Rg6 Kh7 36. Bc4 Nxf4 37. Be7 Qxe7 38. Qg3 Nxg6 0-1

[Event "DEM U14 2016"]
[Site "Willingen GER"]
[Date "2016.05.17"]
[Round "5"]
[White "Mühlpfordt, Thomas"]
[Black "Brunner, Jan"]
[Result "1-0"]
[Termination "normal"]
[Board "15"]
[WhiteElo "1707"]
[BlackElo "1963"]
[WhiteClock "00:04:07"]
[BlackClock "00:15:40"]
[PlyCount "91"]
[WhiteFideId "12986623"]
[BlackFideId "12981010"]
[EventCountry "GER"]
[EventRounds "9"]
[EventType "swiss"]
[EventDate "2016.05.14"]

1. e4 c5 2. Nf3 Nc6 3. d4 cxd4 4. Nxd4 Nf6 5. Nc3 d6 6. Bc4 Qb6 7. Nb3 e6 8.
Bg5 Be7 9. O-O O-O 10. Kh1 a6 11. f4 Qc7 12. Qf3 b5 13. Bd3 Bb7 14. Qh3 Nb4 15.
e5 Nxd3 16. exf6 Bxf6 17. Bxf6 gxf6 18. Qxd3 f5 19. Nd4 b4 20. Nce2 Be4 21. Qb3
Qb7 22. Rf2 Kh8 23. Qh3 Rg8 24. Ng3 Bd5 25. Rg1 Rg6 26. Nf3 f6 27. Re1 Qb6 28.
Rfe2 Qc5 29. Qh5 Rag8 30. Nh4 R6g7 31. Qh6 Qd4 32. Re3 Qxb2 33. c3 bxc3 34.
Qxf6 Qb7 35. Qxc3 Rc8 36. Qd2 Rg4 37. Nf3 Rcg8 38. Qc3+ e5 39. fxe5 Rc8 40. Qa1
f4 41. exd6+ Qg7 42. Re8+ Rxe8 43. Rxe8+ Bg8 44. Qxg7+ Rxg7 45. Nf5 Rd7 46. Ne7
1-0

[Event "DEM U14 2016"]
[Site "Willingen GER"]
[Date "2016.05.17"]
[Round "5"]
[White "Stelmaszyk, Nico"]
[Black "Pölt, Christoph"]
[Result "1-0"]
[Termination "normal"]
[Board "17"]
[WhiteElo "1778"]
[BlackElo "1767"]
[PlyCount "65"]
[WhiteFideId "16200462"]
[BlackFideId "12960853"]
[EventCountry "GER"]
[EventRounds "9"]
[EventType "swiss"]
[EventDate "2016.05.14"]

1. e4 d5 2. exd5 Qxd5 3. Nc3 Qd8 4. Bc4 Nf6 5. d3 c6 6. Nf3 e6 7. O-O Be7 8.
Be3 Nbd7 9. Re1 O-O 10. Ne4 b6 11. Bf4 Nd5 12. Bd6 N7f6 13. Nxf6+ Nxf6 14. Bxe7
Qxe7 15. Nd4 Qd6 16. c3 Bb7 17. Nxe6 b5 18. Nxf8 bxc4 19. Nxh7 Nxh7 20. dxc4
Qc7 21. Re3 c5 22. Qe2 Nf6 23. Rd1 Qc6 24. f3 Bc8 25. Rd8+ Kh7 26. Qd3+ g6 27.
Qd6 Qxd6 28. Rxd6 Be6 29. Rc6 Rb8 30. b3 Nd7 31. Rc7 a6 32. Rxe6 fxe6 33. Rxd7+
1-0

[Event "DEM U14 2016"]
[Site "Willingen GER"]
[Date "2016.05.17"]
[Round "5"]
[White "Recktenwald, Cedric"]
[Black "Lindow, Max"]
[Result "1/2-1/2"]
[Termination "normal"]
[Board "18"]
[WhiteElo "1563"]
[BlackElo "1472"]
[PlyCount "69"]
[WhiteFideId "12971928"]
[BlackFideId "16211057"]
[EventCountry "GER"]
[EventRounds "9"]
[EventType "swiss"]
[EventDate "2016.05.14"]

1. e4 e5 2. Nf3 Nc6 3. Bc4 Bc5 4. O-O Nf6 5. d4 Bxd4 6. Nxd4 Nxd4 7. f4 d6 8.
fxe5 dxe5 9. Bg5 Be6 10. Na3 Qe7 11. Bxf6 gxf6 12. c3 Nc6 13. Bxe6 fxe6 14. Nc2
Rd8 15. Qh5+ Qf7 16. Qh4 Ke7 17. Ne3 Rdg8 18. Rf2 Rg6 19. Raf1 Qg7 20. h3 Rf8
21. Ng4 h5 22. Ne3 Rg5 23. b4 a6 24. a4 Nb8 25. Kh1 Nd7 26. Kh2 Rg8 27. Kh1 Qg6
28. Rd2 Rg3 29. Rfd1 Nb8 30. Ng4 Rxc3 31. Nxf6 Qxf6 32. Rd7+ Nxd7 33. Rxd7+
Kxd7 34. Qxf6 Rcg3 35. Qxe5 1/2-1/2